夏日之詩
| 資料類型: | 圖書 | 書目號: | 43065 |
Leader xxxxxxxxxx 001 __ PCLIS00043065 005 __ 20211102230427.0 010 0_ |a957-986-6662-47-8|b平裝|dNT$220 100 __ |a20110104d2008 m y0chiy09 e 101 0_ |achi 102 __ |atw 105 __ |ay z 000ay 200 1_ |a夏日之詩|dPoetry of summer|f藤井樹著 205 __ |a初版 210 __ |a臺北市|c商周出版|c家庭傳媒城邦分公司發行|d2008(民97) 215 0_ |a211面|d21公分 225 1_ |a網路小說|dNovel@Net|v109 300 __ |a本館館藏為2010年94刷 300 __ |a著者本名吳子雲 681 __ |a857.7|b8453 681 __ |a861.57b8453 99 700 _0 |a藤井樹|4著 801 _0 |atw|b內湖高中|c20110104 801 _2 |atw|b內湖高中|c20211102|gCCR |